[Event "NRW U25 op"]
[Site "Olpe"]
[Date "2005.10.02"]
[Round "4.10"]
[White "Schmale, Lina Maria"]
[Black "Radovynsky, Jewgeni"]
[Result "1-0"]
[WhiteElo "1285"]
[BlackElo "1455"]
[PlyCount "149"]
[EventDate "2005.10.01"]
[EventType "swiss"]
[EventRounds "7"]
[EventCountry "GER"]
[SourceTitle "CBM 108 Extra"]
[Source "ChessBase"]
[SourceDate "2005.11.04"]
[SourceVersion "1"]
[SourceVersionDate "2005.11.04"]
[SourceQuality "1"]

1. d4 Nf6 2. Bg5 e6 3. e4 Be7 4. Bxf6 Bxf6 5. e5 Bg5 6. Bd3 d6 7. Ne2 dxe5 8. dxe5 Nc6 9. 0-0 Be7 10. f4 f6 11. Nbc3 0-0 12. Bb5 Qxd1 13. Raxd1 Bc5+ 14. Kh1 fxe5 15. Bxc6 bxc6 16. Ne4 Ba6 17. Rde1 Bd6 18. Nxd6 cxd6 19. Rf3 e4 20. Rc3 c5 21. Ng3 Rxf4 22. Nxe4 Raf8 23. h3 Rd8 24. Ng5 Rf6 25. Ra3 Bc8 26. Rxa7 Rf2 27. Rc1 e5 28. Ra8 h6 29. Ne6 Re8 30. Nc7 Rd8 31. Nd5 Rff8 32. Ne7+ Kh7 33. Rd1 Bb7 34. Rxd8 Rxd8 35. Nf5 d5 36. c4 d4 37. Kg1 Kg6 38. g4 e4 39. Kf2 Kg5 40. Nxg7 Kh4 41. Nf5+ Kxh3 42. Nxh6 Kh4 43. Ke2 Kg3 44. Rg1+ Kf4 45. Rf1+ Kg3 46. g5 d3+ 47. Ke3 d2 48. Ke2 e3 49. g6 d1Q+ 50. Rxd1 Bf3+ 51. Kxe3 Bxd1 52. g7 Re8+ 53. Kd2 Rd8+ 54. Kc3 Kf3 55. g8Q Rxg8 56. Nxg8 Ke4 57. Nf6+ Ke5 58. Ne8 Ke6 59. a3 Ba4 60. Nc7+ Kd6 61. Nd5 Kc6 62. b4 Bb5 63. Ne7+ Kd7 64. cxb5 Kxe7 65. bxc5 Kd7 66. a4 Kc7 67. a5 Kb7 68. Kd4 Kc7 69. Kd5 Kb7 70. Kd6 Kb8 71. c6 Kc8 72. a6 Kb8 73. b6 Ka8 74. Kd7 Kb8 75. c7+ 1-0

[Event "Bergisch Gladbach-ch 26th"]
[Site "Bergisch Gladbach"]
[Date "2004.10.01"]
[Round "5"]
[White "Radovynsky, Jewgeni"]
[Black "Bloemer, Guenter"]
[Result "1-0"]
[WhiteElo "1217"]
[BlackElo "1479"]
[PlyCount "73"]
[EventDate "2004.09.??"]
[EventType "swiss"]
[EventRounds "7"]
[EventCountry "GER"]
[SourceTitle "EXT 2005"]
[Source "ChessBase"]
[SourceDate "2004.11.15"]
[SourceVersion "1"]
[SourceVersionDate "2004.11.15"]
[SourceQuality "1"]

1. e4 e6 2. d4 d5 3. Nd2 c5 4. dxc5 Bxc5 5. e5 Nc6 6. Ngf3 Qc7 7. Qe2 Nge7 8. Nb3 Bb6 9. Bf4 Ng6 10. Bg3 a6 11. 0-0-0 Bd7 12. h4 h5 13. Qe1 a5 14. Bd3 Nb4 15. Kb1 Rc8 16. Rc1 Nc6 17. Bxg6 fxg6 18. Qe2 a4 19. Nbd2 Ra8 20. Qd3 Ne7 21. c4 Qb8 22. cxd5 exd5 23. e6 Bxe6 24. Bxb8 Bf5 25. Qxf5 gxf5 26. Bg3 a3 27. b3 Nc6 28. Rhe1+ Kd7 29. Ne5+ Nxe5 30. Rxe5 Ra5 31. Rxf5 Re8 32. Rf7+ Ke6 33. Rxb7 Kf5 34. Rxb6 Re2 35. Rd1 d4 36. Nc4 Rd5 37. Ne3+ 1-0

[Event "Bergisch Gladbach-ch 26th"]
[Site "Bergisch Gladbach"]
[Date "2004.09.17"]
[Round "3"]
[White "Fey, Helmut"]
[Black "Radovynsky, Jewgeni"]
[Result "0-1"]
[WhiteElo "1357"]
[BlackElo "1217"]
[PlyCount "64"]
[EventDate "2004.09.??"]
[EventType "swiss"]
[EventRounds "7"]
[EventCountry "GER"]
[SourceTitle "EXT 2005"]
[Source "ChessBase"]
[SourceDate "2004.11.15"]
[SourceVersion "1"]
[SourceVersionDate "2004.11.15"]
[SourceQuality "1"]

1. e4 e5 2. Nf3 Nc6 3. Bb5 a6 4. Ba4 Nf6 5. 0-0 b5 6. Bb3 Bc5 7. Nxe5 Bxf2+ 8. Rxf2 Nxe5 9. d4 Nc6 10. Bg5 Na5 11. Qf3 h6 12. Bxf6 gxf6 13. Nc3 Bb7 14. Raf1 b4 15. Nd5 Bxd5 16. exd5 Nxb3 17. Qxb3 Qe7 18. Rxf6 Rh7 19. Qg3 0-0-0 20. d6 cxd6 21. Qd3 Rg7 22. Qxa6+ Kc7 23. Qa7+ Kc8 24. Qa8+ Kc7 25. Qf3 Rdg8 26. g3 h5 27. Rf4 h4 28. d5 hxg3 29. Rc4+ Kd8 30. Rxb4 gxh2+ 31. Kh1 Rg1+ 32. Rxg1 hxg1Q# 0-1